00675nam a2200229 a 4500001001300000003000900013005001700022008004100039020001000080082001500090100002100105245003800126260003100164500003500195505002800230650002100258700002100279902000800300942000700308952011500315999001500430nice12345678IN_TiNIC20260116011412.0050524s1869 kana grp 000 0 per  ac10000a297.4bISM aIsmail, Mohammad aSiratul Mustaqeem and Other Books aKanpurbNizami Pressc1869 aincludes index and biblioraphy2 afour parts in two vols. aSufism-Malfoozat1 aIsmail, Mohammad bSRS cBK 001040708StackRoom-aHMIbHMId2008-03-11g100.00l0o297.4 ISMp04322r2008-03-11v100.00w2005-05-24yBK c1217d1217